000 01713nam a2200265 a 4500
008 190715s2012 ||||||||||||||||| || u
020 _a9781466503038
050 _aTK 7881.15 Els
100 _aEl-Sharkawi, Mohamed A
245 1 0 _aElectric energy : an introduction. (3rd edition)
_cBy Mohamed A. El-Sharkawi
250 _a3rd edition
260 _aBoca Raton
_bCRC Press
_c2012
300 _axxiii, 581 pages : illustrations
350 _a103.64
650 0 _aPOWER ELECTRONICS
650 _aELECTRIC POWER SYSTEMS
650 _aTECHNOLOGY & ENGINEERING / ELECTRICAL
995 _FCBU-MPIKA LIBRARY
_I103.64
_M5
_UAVAILABLE
_WNov 21, 2019
_ZShort Loan Collection
995 _FCBU-MAIN LIBRARY (Kitwe)
_I103.64
_M7
_UAVAILABLE
_WNov 21, 2019
_ZShort Loan Collection
995 _FCBU-MAIN LIBRARY (Kitwe)
_I103.64
_M4
_UAVAILABLE
_WJul 17, 2019
_ZMain Library Open Access Collection
995 _FCBU-MPIKA LIBRARY
_I103.64
_M6
_UAVAILABLE
_WNov 21, 2019
_ZShort Loan Collection
995 _FCBU-MAIN LIBRARY (Kitwe)
_I103.64
_M2
_UAVAILABLE
_WJul 17, 2019
_ZMain Library Open Access Collection
995 _FCBU-MAIN LIBRARY (Kitwe)
_I103.64
_M1
_UAVAILABLE
_WJul 17, 2019
_ZMain Library Open Access Collection
995 _FCBU-MAIN LIBRARY (Kitwe)
_I103.64
_M3
_UAVAILABLE
_WJul 17, 2019
_ZMain Library Open Access Collection
999 _c62470
_d62470